[Event "Politiken Cup 24th"]
[Site "Copenhagen"]
[Date "2002.07.19"]
[Round "5"]
[White "Andreasen, Bjarke"]
[Black "Hein, Jacob"]
[Result "1-0"]
[WhiteElo "1616"]
[BlackElo "1305"]
[PlyCount "125"]
[EventDate "2002.07.15"]
[EventType "swiss"]
[EventRounds "11"]
[EventCountry "DEN"]
[SourceTitle "CBM 089 Extra"]
[Source "ChessBase"]
[SourceDate "2002.09.10"]
[SourceVersion "2"]
[SourceVersionDate "2002.09.10"]
[SourceQuality "1"]

1. d4 Nf6 2. Nf3 d6 3. c4 g6 4. Nc3 Bg7 5. e4 0-0 6. Be3 Nbd7 7. Be2 Ng4 8. Bc1 e5 9. Nxe5 Ndxe5 10. dxe5 Nxf2 11. Kxf2 Bxe5 12. Be3 Be6 13. Qd3 f5 14. Kg1 f4 15. Bd4 Qg5 16. Bxe5 dxe5 17. Rd1 Rad8 18. Qf3 Rxd1+ 19. Bxd1 Bxc4 20. Bb3 Bxb3 21. axb3 Qf6 22. Nd5 Qd6 23. h3 c6 24. Nc3 Qd2 25. Qe2 Qe3+ 26. Qxe3 fxe3 27. Kh2 Rf2 28. Rb1 b5 29. Kg1 Rd2 30. Nd1 e2 31. Ne3 e1Q+ 32. Rxe1 Rxb2 33. Rc1 Rxb3 34. Kf2 Rb2+ 35. Kf3 a5 36. Rxc6 a4 37. Ra6 Rb3 38. Ke2 a3 39. Nd5 b4 40. Ra7 Rb2+ 41. Kf3 a2 42. Nxb4 a1Q 43. Rxa1 Rxb4 44. Ra5 Rb3+ 45. Kg4 Kf7 46. Rxe5 Kf6 47. Ra5 Rb6 48. Kf4 Re6 49. e5+ Kf7 50. Ra7+ Re7 51. Rxe7+ Kxe7 52. Kg5 Ke6 53. Kh6 Kxe5 54. Kxh7 g5 55. g4 Kf6 56. Kh6 Kf7 57. Kxg5 Kg7 58. h4 Kh7 59. h5 Kh8 60. Kh6 Kg8 61. g5 Kh8 62. g6 Kg8 63. g7 1-0

[Event "Politiken Cup 24th"]
[Site "Copenhagen"]
[Date "2002.07.18"]
[Round "4"]
[White "Baldursson, Rani"]
[Black "Andreasen, Bjarke"]
[Result "1/2-1/2"]
[WhiteElo "1426"]
[BlackElo "1616"]
[PlyCount "128"]
[EventDate "2002.07.15"]
[EventType "swiss"]
[EventRounds "11"]
[EventCountry "DEN"]
[SourceTitle "CBM 089 Extra"]
[Source "ChessBase"]
[SourceDate "2002.09.10"]
[SourceVersion "2"]
[SourceVersionDate "2002.09.10"]
[SourceQuality "1"]

1. e4 c5 2. d4 cxd4 3. c3 d3 4. Bxd3 e6 5. Nf3 d6 6. 0-0 Nf6 7. Qe2 Be7 8. Rd1 Nc6 9. Be3 Qc7 10. Na3 a6 11. Nc4 b5 12. Ncd2 0-0 13. Rac1 Bb7 14. c4 b4 15. Nb3 Rfd8 16. Bg5 Rac8 17. Be3 Ne5 18. Nxe5 dxe5 19. f3 a5 20. Qf2 Nd7 21. Kh1 a4 22. Na1 Bc5 23. Nc2 b3 24. axb3 axb3 25. Ne1 Bxe3 26. Qxe3 Nc5 27. Be2 Ba6 28. Rxd8+ Rxd8 29. Nd3 Nxd3 30. Bxd3 Rd4 31. Be2 Qa5 32. Qxb3 h6 33. Rd1 Kh7 34. h3 Qc5 35. Rxd4 exd4 36. Bd3 e5 37. Qa4 Qa7 38. c5 Qxc5 39. Qxa6 Qc1+ 40. Bf1 Qxb2 41. Qb5 Qc1 42. Qc4 Qe1 43. Kh2 f6 44. Qe2 Qc1 45. Qf2 Qf4+ 46. g3 Qc1 47. f4 exf4 48. Qxf4 Qc2+ 49. Kg1 d3 50. Qf5+ Kh8 51. e5 Qc5+ 52. Qf2 Qc3 53. exf6 gxf6 54. Qe3 Kg7 55. Qxd3 Qc5+ 56. Kg2 h5 57. Qd7+ Kh6 58. Qd2+ Kg7 59. Be2 h4 60. Qd7+ Kh6 61. gxh4 Qe5 62. Qg4 Qd5+ 63. Qf3 Qxf3+ 64. Kxf3 f5 1/2-1/2

[Event "Politiken Cup 24th"]
[Site "Copenhagen"]
[Date "2002.07.17"]
[Round "3"]
[White "Andreasen, Bjarke"]
[Black "Norton, Craig"]
[Result "0-1"]
[WhiteElo "1616"]
[BlackElo "1832"]
[PlyCount "68"]
[EventDate "2002.07.15"]
[EventType "swiss"]
[EventRounds "11"]
[EventCountry "DEN"]
[SourceTitle "CBM 089 Extra"]
[Source "ChessBase"]
[SourceDate "2002.09.10"]
[SourceVersion "2"]
[SourceVersionDate "2002.09.10"]
[SourceQuality "1"]

1. d4 Nf6 2. Nf3 d5 3. c4 e6 4. Bg5 Be7 5. e3 0-0 6. Nc3 h6 7. Bh4 b6 8. Rc1 Bb7 9. cxd5 Nxd5 10. Nxd5 exd5 11. Bxe7 Qxe7 12. Bd3 c5 13. Bb1 Nd7 14. 0-0 Rfc8 15. Qb3 c4 16. Qc2 g6 17. Rce1 b5 18. Nd2 b4 19. f4 c3 20. Nf3 cxb2 21. Qxb2 Ba6 22. Rf2 Rc3 23. Ne5 Nxe5 24. fxe5 Rac8 25. Qd2 Qc7 26. Rf6 Bb5 27. Kf2 Rc1 28. Qxb4 Rxe1 29. Kxe1 Qc1+ 30. Kf2 Rc3 31. Rf3 Qf1+ 32. Kg3 Qe1+ 33. Kh3 g5 34. Rg3 Bd7+ 0-1

[Event "Nordic School-ch U16"]
[Site "Tjele"]
[Date "2002.02.14"]
[Round "1"]
[White "Andreasen, Bjarke"]
[Black "Lehtovirta, Verneri"]
[Result "1-0"]
[WhiteElo "1641"]
[BlackElo "1482"]
[PlyCount "81"]
[EventDate "2002.02.14"]
[EventType "swiss"]
[EventRounds "6"]
[EventCountry "DEN"]
[SourceTitle "EXT 2022"]
[Source "ChessBase"]
[SourceDate "2021.10.06"]
[SourceVersion "1"]
[SourceVersionDate "2021.10.06"]
[SourceQuality "1"]

1. d4 d5 2. c4 e6 3. Nf3 Nf6 4. Bg5 Be7 5. Nc3 0-0 6. e3 Nc6 7. Rc1 b6 8. cxd5 Nxd5 9. Nxd5 Bxg5 10. Nxc7 Qxc7 11. Nxg5 Qd6 12. Qc2 Qb4+ 13. Kd1 g6 14. Qxc6 Rb8 15. Qb5 Qe7 16. h4 Bb7 17. h5 Bd5 18. f4 f6 19. Nf3 Qb7 20. Kd2 a6 21. Qd3 Be4 22. Qxa6 Bxf3 23. gxf3 Qxf3 24. Be2 Qd5 25. hxg6 hxg6 26. Qd3 f5 27. Qb3 Qe4 28. Rhg1 Kf7 29. Rc7+ Kf6 30. Qb5 Rf7 31. Qe5+ Qxe5 32. dxe5+ Kg7 33. Rc6 Rd7+ 34. Kc2 Rbd8 35. Kc3 Ra8 36. Rxe6 Rc8+ 37. Kb3 Rd2 38. Rgxg6+ Kf7 39. Ref6+ Ke7 40. Rg7+ Ke8 41. Bh5+ 1-0